Top 15 countries that are rich - Statistics

General Stats
  • This quiz has been taken 15 times
  • The average score is 9 of 15
Answer Stats
Hint Answer % Correct
$61,360 Switzerland
86%
$90,530 Singapore
79%
$52,150 Iceland
71%
$72,630 Ireland
71%
$69,670 Kuwait
71%
$109,190 Luxembourg
71%
$124,930 Qatar
71%
$59,500 United States
71%
$70,590 Norway
64%
$53,580 Netherlands
57%
$60,360 San Marino
57%
$55,260 Saudi Arabia
57%
$76,740 Brunei
50%
$68,250 United Arab Emirates
43%
$61,020 Hong Kong
14%
No matching quizzes found
Score Distribution
Percent of People with Each Score
Percentile by Number Answered
Your Score History
You have not taken this quiz